Biology data book
Salvato in:
| Autori principali: | , |
|---|---|
| Natura: | Libro |
| Lingua: | inglese |
| Pubblicazione: |
Washington, D.C
Federation of American Societies for Experimenttal Biology
1964
|
| Serie: | Biological Handbooks
|
| Soggetti: | |
| Tags: |
Aggiungi Tag
Nessun Tag, puoi essere il primo ad aggiungerne!!
|
MARC
| LEADER | 00000nam a2200000 a 4500 | ||
|---|---|---|---|
| 001 | UCV5305 | ||
| 003 | CL-VaPUC | ||
| 008 | 921022e19640000US |||||||||||||||||eng|d | ||
| 082 | 0 | 4 | |a 570 |b ALT |2 21 |
| 100 | 0 | |a Altman, Philip L |e author |9 299626 | |
| 700 | 0 | |a Dittmer, Dorothy S |e author |9 299627 | |
| 245 | 1 | 0 | |a Biology data book |
| 300 | |a 633 p | ||
| 942 | |c BK | ||
| 945 | |d 19921022 00:00:00 | ||
| 260 | |a Washington, D.C |b Federation of American Societies for Experimenttal Biology |c 1964 | ||
| 650 | 0 | |a Biología |9 262022 | |
| 583 | |a last modification |c 19921022 00:00:00 |k Rodrigo Vera | ||
| 490 | 0 | |a Biological Handbooks | |
| 999 | |c 211866 |d 211864 | ||
| 952 | |0 0 |1 0 |2 ddc |4 0 |6 570_000000000000000_ALT_1964 |7 0 |8 P |9 191871 |a BIBCUR |b BIBCUR |c PAC |d 2019-11-14 |i 2594005 |o 570 ALT 1964 |p 2594005 |r 2025-04-22 |w 2019-11-14 |y BK |k CIM | ||